| 000 | 00464nam a2200193Ia 4500 | ||
|---|---|---|---|
| 005 | 20240823022556.0 | ||
| 008 | 240823s9999||||xx |||||||||||||| ||und|| | ||
| 020 | _a0-07-462062-2 | ||
| 041 | _aENGLISH | ||
| 082 | _A624.0684 P7 | ||
| 100 | _aChitkara K K | ||
| 245 | 0 | _aConstruction Project Management | |
| 250 | _a1st | ||
| 260 |
_c2007 _b"TMH,New " _aNew Delhi |
||
| 500 | _aTRANSFERED | ||
| 650 |
_aConstruction _bCivil |
||
| 942 | _cBK | ||
| 999 |
_c179496 _d179496 |
||